000 00318nam a2200145Ia 4500
100 _aBensinger Charles
650 _aGeneral
942 _cBK
654 _aHand Book
245 _aHome Video Hand Book
260 _bVideo -Info Publication
_aNew York
_c1981
082 _a621.3
300 _a304
546 _aENGLISH
999 _c25241
_d25241